00298nam a22001337a 4500003000500000005001700005038000600022082001100028100002200039245005700061250001200118260002500130300000900155NUST20180726104500.0 a0 a153.94 4Gary G. Brannigan aBender Gestalt II : Bender Visual-Motor Gestalt Test a2nd ed. aUSAbRiversidec2003 a167p